Odd or Even: Holidays Quiz Stats

 Plays Quiz Updated Jun 17, 2019

Score 0/20 Timer 05:00
1 Play Today
Question Answer Wrong Answers
April Fools' Day Odd
93.2%
Even
2%
Christmas Odd
91.9%
Even
3.2%
Valentine's Day Even
91.9%
Odd
3.1%
Halloween Odd
91.4%
Even
3.7%
New Years Eve Odd
91%
Even
4.3%
American Independence Day Even
90.9%
Odd
4.4%
Cinco de Mayo Odd
89.1%
Even
6.1%
Star Wars Day Even
82.9%
Odd
12.2%
Leap Day Odd
82.2%
Even
13%
Boxing Day Even
81.8%
Odd
13.3%
Pi Day Even
77.8%
Odd
17.3%
St. Patrick's Day Odd
77.7%
Even
17.4%
Groundhog Day Even
75.5%
Odd
19.5%
Flag Day Even
73.9%
Odd
21%
Veterans Day Odd
68.8%
Even
26.3%
Earth Day Even
68.1%
Odd
26.7%
All Saints' Day Odd
66.5%
Even
28.5%
Festivus Odd
53.8%
Even
41.2%
Canada Day Odd
52.6%
Even
42.3%
Mole Day Odd
47.2%
Even
47.6%

You're not logged in!

Compare scores with friends on all Sporcle quizzes.
OR
Log In

Sporcle TV

Today on Sporcle TV


Watch our educational content, quiz creation guides, and fun videos on Sporcle TV.

Show Comments

Extras

Top Quizzes Today


Score Distribution

Your Account Isn't Verified!

In order to create a playlist on Sporcle, you need to verify the email address you used during registration. Go to your Sporcle Settings to finish the process.

Report this User

Report this user for behavior that violates our Community Guidelines.

Details: